000 00598cam a2200169 4500
001 WS120414
008 021111n 000 0 eng u
035 _a(Sirsi) u120414
245 _aConstruction Risk Management Portal
520 _aAmerican web site listing other web sites on construction risk management including directories of professionals.
650 _aINTERNATIONAL
650 _aUNITED STATES
650 _aRISK MANAGEMENT
690 _aBUILT ENVIRONMENT
856 4 0 _uhttps://www.constructionrisk.com
_zView the website free of charge at www.constructionrisk.com...
942 _n0
999 _c120199
_d120199